000 00878cam a2200193 4500
001 WS122904
008 030702n 000 0 eng u
035 _a(Sirsi) u122904
110 _aThe Natural Step
_94487
245 4 _aThe Natural Step
520 _aWeb site for this international advisory and research organisation which works with some of the largest resource users on the planet to create solutions, models and tools designed to accelerate global sustainability. Includes a definition of sustainability, a history of the organisation and details of their publications.
650 _aORGANISATION
650 _aINTERNATIONAL
650 _aSUSTAINABLE DEVELOPMENT
650 _aSustainability
_96271
690 _aENVIRONMENTAL AND LAND CONSULTANCY
856 4 0 _uhttps://www.naturalstep.org
_zView the website free of charge at www.naturalstep.org...
942 _n0
999 _c120307
_d120307